[Event "New Delhi Parsvnath op-C 17th"]
[Site "New Delhi"]
[Date "2019.01.16"]
[Round "10.7"]
[White "Sujeet, Kumar Chaudhary"]
[Black "Afinu, Shifan M"]
[Result "1-0"]
[WhiteElo "1492"]
[BlackElo "1400"]
[PlyCount "141"]
[EventDate "2019.01.13"]
[EventType "swiss"]
[EventRounds "10"]
[EventCountry "IND"]
[SourceTitle "EXT 2024"]
[Source "ChessBase"]
[SourceDate "2023.10.10"]
[SourceVersion "1"]
[SourceVersionDate "2023.10.10"]
[SourceQuality "1"]

1. e4 e6 2. d4 d5 3. Nd2 Nf6 4. e5 Nfd7 5. Bd3 c5 6. c3 Nc6 7. Ne2 Qb6 8. Nf3 Be7 9. 0-0 Nf8 10. Re1 Bd7 11. a4 c4 12. Bc2 Na5 13. Bg5 f6 14. Bh4 Rg8 15. exf6 gxf6 16. Nf4 Ng6 17. Bxg6+ hxg6 18. Qe2 g5 19. Nxd5 Qc6 20. Nxe7 Kxe7 21. Bg3 Qd5 22. Nd2 Bc6 23. f3 g4 24. fxg4 Rxg4 25. Rf1 Rag8 26. Rf2 f5 27. Raf1 Kd7 28. Nf3 Kc8 29. Qe5 f4 30. Bxf4 Qxe5 31. Bxe5 Bxf3 32. Rxf3 Rxg2+ 33. Kh1 Nc6 34. Rf8+ Nd8 35. Rxg8 Rxg8 36. h4 Kd7 37. Kh2 Kc6 38. Kh3 Kb6 39. h5 Nc6 40. Rf6 Nxe5 41. dxe5 Re8 42. h6 Ka5 43. Kh4 Kxa4 44. Kh5 Kb3 45. Rf2 b5 46. h7 a5 47. Kg6 a4 48. Kg7 a3 49. bxa3 Kxc3 50. h8Q Rxh8 51. Kxh8 Kb3 52. Rf3+ c3 53. Kg7 Kc4 54. Kf6 c2 55. Rf1 Kb3 56. Rc1 Kb2 57. Rxc2+ Kxc2 58. Kxe6 Kb3 59. Kd5 Kxa3 60. e6 b4 61. e7 b3 62. e8Q b2 63. Qa8+ Kb3 64. Qb7+ Ka2 65. Qa6+ Kb3 66. Qc4+ Ka3 67. Qc3+ Ka2 68. Qc2 Ka1 69. Qa4+ Kb1 70. Kc4 Kc1 71. Qa3 1-0